| 000 | 00521nam a2200145Ia 4500 | ||
|---|---|---|---|
| 008 | 100204s9999 xx 000 0 und d | ||
| 082 | _b333 | ||
| 100 | _aखानोलकर चिंतामणी त्र्यंबक | ||
| 245 | _aगणुराया आणि चानी | ||
| 260 |
_b"मौज प्रकाशन , मुंबई" _c1977 |
||
| 300 | _a150 | ||
| 630 | _aगणुराया आणि चानी | ||
| 730 | _aगणुराया आणि चानी | ||
| 942 | _cBOOK | ||
| 999 |
_c445528 _d445525 |
||